Vista normal
Vista MARC
Entrada Personal Name
Número de registros utilizados en: 1
001 - CONTROL NUMBER
- control field: 1730
003 - CONTROL NUMBER IDENTIFIER
- control field: OSt
005 - DATE AND TIME OF LATEST TRANSACTION
- control field: 20200320121605.0
008 - FIXED-LENGTH DATA ELEMENTS
- fixed length control field: 200320|| aca||aabn | a|a d
040 ## - CATALOGING SOURCE
- Original cataloging agency: OSt
- Transcribing agency: OSt
100 ## - HEADING--PERSONAL NAME
- Personal name: Panizza, Francisco,
670 ## - SOURCE DATA FOUND
- Source citation: Work cat.: (OSt)5093: Panizza, Francisco, compilador, El populismo como espejo de la democracia / , 2009